Programa regional para la participación de la mujer en el desarrollo
Gorde:
| Erakunde egilea: | |
|---|---|
| Formatua: | Liburua |
| Hizkuntza: | gaztelania |
| Argitaratua: |
Nueva York
UNICEF. Comité del Programa de Actividades
1986
|
| Saila: | E/ICEF/1986/P/L.26
|
| Gaiak: | |
| Etiketak: |
Etiketa erantsi
Etiketarik gabe, Izan zaitez lehena erregistro honi etiketa jartzen!
|
MARC
| LEADER | 00000nam a2200000 a 4500 | ||
|---|---|---|---|
| 001 | UCZ6724 | ||
| 003 | CL-VaPUC | ||
| 008 | 951215e19860000us |||||||||||||||||spa|d | ||
| 082 | 0 | 4 | |a 305.4 |b UNI |2 21 |
| 110 | 2 | |a UNICEF |e author |9 351198 | |
| 245 | 1 | 0 | |a Programa regional para la participación de la mujer en el desarrollo |
| 300 | |a 12 p | ||
| 942 | |c BK | ||
| 945 | |d 19951215 00:00:00 |a cmena | ||
| 260 | |a Nueva York |b UNICEF. Comité del Programa de Actividades |c 1986 | ||
| 650 | 0 | |a Mujeres |9 257649 | |
| 650 | 0 | |a Participación social |9 256140 | |
| 650 | 7 | |a PARTICIPACION CULTURAL |2 CL-VaPUC |9 351199 | |
| 650 | 7 | |a ESTADISTICAS DESCRIPTIVAS |2 CL-VaPUC |9 335950 | |
| 651 | 0 | |a América Latina |9 255027 | |
| 651 | 0 | |a El Caribe |9 341255 | |
| 583 | |a last modification |c 20161005 10:30:15 |k Rodrigo Vera | ||
| 490 | 0 | |a E/ICEF/1986/P/L.26 | |
| 999 | |c 242905 |d 242903 | ||
| 952 | |0 0 |1 0 |4 0 |6 305_400000000000000_UNI_1986 |7 0 |8 P |9 256227 |a BIBEDU |b BIBEDU |c BIBEDU_PB |d 2019-11-19 |i 1607162 |o 305.4 UNI 1986 |p 1607162 |r 2024-01-25 |w 2019-11-19 |y BK |k EDU | ||